[Event "Edmonton 11th"]
[Site "Edmonton"]
[Date "2016.06.24"]
[Round "7"]
[White "Ganguly, Surya Shekhar"]
[Black "Wang, Richard"]
[Result "1-0"]
[WhiteElo "2654"]
[BlackElo "2341"]
[Annotator "John Upper"]
[PlyCount "49"]
[EventDate "2016.06.18"]
[EventType "tourn"]
[EventRounds "9"]
[EventCountry "CAN"]
[EventCategory "9"]
[SourceTitle "Chess Canada"]
[Source "CFC"]
[SourceDate "2017.10.01"]
[SourceVersion "1"]
[SourceVersionDate "2018.04.02"]
[SourceQuality "1"]

{[%mdl 32768]} 1. e4 c5 2. Nf3 d6 3. d4 cxd4 4. Nxd4 Nf6 5. Nc3 g6 6. Be3 Bg7
7. f3 Nc6 8. Qd2 O-O {[#] White's main moves are Bc4 and 000. The former was
Fischer's favourite, putting the B on an active square, preventing ...d5, and
aiming for h4-h5 "sac-sac-mate"; but the latter move has become the modern
mainline as Black's defences -- ...h5! -- to the Yugoslav attack have been
more thoroughly worked out.} 9. O-O-O d5 10. Qe1 $5 {First played in the late
1980s, this has become White's top choice. The Q retreat creates an X-ray from
the Rd1 to the Qd8.} e5 11. Nxc6 bxc6 12. exd5 {[#]} cxd5 $6 (12... Nxd5 $1 {
see Carlsen-Jones, in Appendix.}) 13. Bg5 $1 Be6 14. Bc4 Qc7 {[#] White has a
choice: take on f6 and keep a small advantage against Black's weak pawns, or
take on d5 to win a pawn while opening lines at the Kc1.} 15. Bxd5 {Ganguly
plays the more dynamic move.} (15. Bxf6 {see Leko-Carlsen (in Appendix).})
15... Nxd5 16. Nxd5 Bxd5 17. Rxd5 {[#] White is up a pawn, but Black has two
half-open files and a B pointed at White's K. White is up a pawn, but Black
has two half-open files and a B pointed at White's K.} Rab8 18. b3 Rfc8 19. c4
Qb7 {[#] threatening ...Qxd5 and ...Rxc5.} 20. Qe4 (20. Qa5 Rxc4+ 21. bxc4 Qb1+
22. Kd2 Qxh1 (22... Rb2+ $4 23. Ke3 $18) 23. Rd8+ Rxd8+ 24. Qxd8+ Bf8 25. Be7
Qxg2+) 20... Qb4 {Threatening ...Qc3.} 21. Kd1 f5 22. Qe1 $2 (22. Qc2 $16)
22... Qa3 $2 {Black misses his chance.} (22... Rxc4 $1 $14 23. bxc4 $2 Qa4+ $1
{and ...Qxc4.}) 23. Rd7 {[%mdl 64] [#] Critical Position} h6 $2 ({In his notes
to the game for ChessBase, Ganguly says he'd seen the following lines:} 23...
Qb2 $2 24. Qd2 Qb1+ 25. Ke2 $8 Qxh1 26. Rxg7+ $8 Kxg7 27. Qd7+ Kg8 28. Qe6+ Kg7
29. Qxe5+ Kf7 30. Qe7+ Kg8 31. Qe6+ Kg7 32. Bf6+ Kh6 33. Qe3+ Kh5 34. Qg5#) (
23... Qxa2 $1 24. Rxg7+ Kf8 $8 $11 25. Bh6 Qxb3+ $8 (25... Rd8+ $4 26. Rd7+ $18
) 26. Ke2 Qxc4+ 27. Kf2 Qh4+ $19) 24. Qd2 $3 $18 {Suddenly White has a
crushing attack.} Rb6 $2 ({If Black takes the B then White can push his h-pawn
to overload the defence:} 24... hxg5 25. Qd5+ Kh7 26. h4 g4 (26... Kh6 27.
hxg5+ Kxg5 28. Qd2+ Kf6 29. Rd6+ Kf7 30. Qd5+ $18) 27. h5 $1 Kh6 (27... g5 28.
h6 $18) 28. Qf7 $18) 25. Rxg7+ $1 1-0

[Event "Edmonton 11th"]
[Site "Edmonton"]
[Date "2016.06.19"]
[Round "2.4"]
[White "Haessel, Dale"]
[Black "Findlay, Ian"]
[Result "1-0"]
[WhiteElo "2234"]
[BlackElo "2257"]
[Annotator "John Upper"]
[PlyCount "47"]
[EventDate "2016.06.18"]
[EventType "tourn"]
[EventRounds "9"]
[EventCountry "CAN"]
[EventCategory "9"]
[SourceTitle "Chess Canada"]
[Source "CFC"]
[SourceDate "2017.10.01"]
[SourceVersion "1"]
[SourceVersionDate "2018.04.02"]
[SourceQuality "1"]

{[%mdl 32768]} 1. d4 Nf6 2. c4 e6 3. Nf3 d5 4. Nc3 Bb4 5. Bg5 h6 6. Bxf6 Qxf6 {
[#]} 7. Qb3 (7. e3 {is more common, usually leading to IQP positions after ...
c5.}) 7... Nc6 {Both sides avoid the IQP.} (7... c5 {is more common, and
better-scoring, though it can be hard for Black to scare up winning chances
after} 8. cxd5 exd5 9. a3 Bxc3+ 10. Qxc3) 8. cxd5 (8. e3 dxc4 9. Bxc4 O-O 10.
O-O Bd6 11. Ne4 (11. Rac1 Na5 $11) 11... Qe7 $14 {Bu,X (2656)-Zhang,Z (2621)
China, 2007 (½-½, 29).}) 8... Nxd4 9. Nxd4 (9. Qxb4 $4 Nc2+ $19) 9... Qxd4
10. Rd1 {[#]} Bxc3+ $1 $15 {Now Black will be ahead in development with pawn
targets on the queenside.} (10... Qb6 11. a3 Bxc3+ 12. Qxc3 {gains a tempo on
g7.} O-O $11 {Rabinovich,I-Ragozin,V USSR ch. Tbilisi, 1937 (0-1, 65).}) (10...
Qc5 {loses a tempo over the game line (compare with the next note)} 11. e3 O-O
12. a3 Bxc3+ 13. Qxc3 Qxc3+ 14. bxc3 exd5 15. Rxd5 Be6 16. Rc5 c6 17. Bc4 Rfe8
18. Ke2 Rad8 19. Bxe6 {½-½ Khismatullin,D (2643)-Lastin,A (2656) St
Petersburg, 2009.}) 11. bxc3 (11. Qxc3 Qxc3+ 12. bxc3 exd5 13. Rxd5 Be6 {
(compared with the Lastin game above, White's pawn is still vulnerable on a2).}
14. Rd2 Ke7 $15 {again, with a lead in development and weak queenside pawns to
target.}) 11... Qb6 12. e3 (12. e4 O-O $15) 12... exd5 $15 13. Qxd5 (13. Rxd5
Be6 14. Qa4+ c6 15. Rd2 $15) 13... Be6 14. Qe4 (14. Qe5 O-O 15. Be2 Rfe8 $17)
14... Qa5 $15 {[#]} 15. Bd3 $6 {gives up a pawn to finish developing and maybe
get queenside pressure.} (15. Qb4 Qxb4 16. cxb4 Bxa2 (16... a5 $1) 17. b5) (15.
Qxb7 $2 Qxc3+ 16. Rd2 O-O $17) 15... Qxc3+ 16. Ke2 O-O-O $17 17. Rb1 $2 {
[%mdl 64] [#] Critical Position} Bd5 $6 {Defends b7 and keeps a big advantage,
but a big miss nevertheless, and maybe a sign that Black was not calculating
well that day.} (17... Rxd3 $142 $19 {is just winning} 18. Qxb7+ (18. Qxd3 Bc4
$19) 18... Kd8 19. Qb8+ (19. Rhd1 {is nothing} Rxd1 (19... Bc4 $1) (19... Qc2+
20. Ke1) 20. Rxd1+ Ke7 $19) 19... Ke7 $1 (19... Bc8 {keeps the material and
also wins, e.g.} 20. Rhc1 Rd2+ 21. Kf1 Rc2 $19) 20. Qxh8 Rd2+ 21. Kf1 (21. Kf3
Qf6+ 22. Kg3 Qxf2#) 21... Qd3+ 22. Kg1 Rd1+ 23. Rxd1 Qxd1#) 18. Qf4 {
Threatening Rhc1, skewering the Q and c7.} Qf6 19. Bf5+ Kb8 20. Rhc1 Qd6 21.
Qa4 Bxg2 $1 (21... b6 {is good too, but this wins a pawn and threatens mate on
d2.}) 22. Rc2 Rhe8 23. f3 {[#]Is White trapping the Bg2?} Qxh2 $4 {Missing
White's only good move...} ({The B isn't trapped, and Black can even "give it
up" with} 23... Bh3 $1 24. Bxh3 $140 Qxh2+ $19) (23... g6 24. Be4 b6 $8 $19) (
23... b6 24. Kf2 Qxh2 $19) 24. Rxb7+ $8 $18 {forcing mate.} (24. Rxb7+ Kxb7 25.
Qc6+ Kb8 26. Rb2#) 1-0

[Event "Edmonton 11th"]
[Site "Edmonton"]
[Date "2016.06.23"]
[Round "6"]
[White "Shankland, Samuel L"]
[Black "Sambuev, Bator"]
[Result "1-0"]
[WhiteElo "2646"]
[BlackElo "2540"]
[Annotator "John Upper"]
[PlyCount "143"]
[EventDate "2016.06.18"]
[EventType "tourn"]
[EventRounds "9"]
[EventCountry "CAN"]
[EventCategory "9"]
[SourceTitle "Chess Canada"]
[Source "CFC"]
[SourceDate "2017.10.01"]
[SourceVersion "1"]
[SourceVersionDate "2018.04.02"]
[SourceQuality "1"]

{[%mdl 32768]} 1. e4 d5 2. exd5 Qxd5 3. Nf3 Bg4 4. Be2 Nc6 5. O-O O-O-O 6. d3
e5 7. h3 Bf5 8. Be3 Qd7 9. Nbd2 Nge7 10. Ne4 Nd5 11. Ng3 Bg6 12. Nh4 Kb8 13.
Bf3 Be7 14. Nxg6 hxg6 15. Bd2 f5 16. Re1 Bf6 17. Bxd5 Qxd5 18. Bc3 Rh4 19. Qe2
Qd7 20. Rad1 a6 21. a3 g5 22. Qf3 Rf4 23. Qh5 Nd4 24. Rd2 Rh4 25. Qd1 g6 26.
Bxd4 Rxd4 27. Qe2 Qb5 28. b3 Qc5 29. a4 Rh8 30. Qe3 {[#] Black has completely
outplayed White and has a winning advantage with a straightforward plan: play .
..g4 then attack down the h and or g-files.} Qb4 $4 (30... f4 $2 31. Qf3 $8 $15
(31. Ne4 fxe3 32. Nxc5 exd2 $19)) (30... Qf8 31. Qe2 g4) 31. c3 $8 $13 {
Decoy tactic and White is suddenly back in the game!.} Qxc3 32. Ne2 Qb4 (32...
Qxb3 33. Nxd4 exd4 34. Qe6 {and White forces off the Qs.}) 33. Nxd4 exd4 34.
Qe2 $8 g4 35. Rdd1 $1 gxh3 36. Qe6 Qf8 $1 37. g3 {[#]} Qg7 $2 (37... f4 $1 {
keeps Black in the game} 38. gxf4 Bg5 $3 39. fxg5 $2 Qf3 $19) 38. Kh2 $1 f4 39.
gxf4 Bh4 40. Qe5 Qh6 41. Rc1 $18 Rc8 42. Qxd4 {White went on to win.} Rd8 43.
Qe5 Qh7 44. Rc3 Qf7 45. Qe3 g5 46. Rc4 g4 47. Rg1 Qd7 48. Re4 Rg8 49. Qe2 Ka7
50. a5 Bf6 51. Qe3+ Kb8 52. b4 c6 53. Re1 Bd8 54. Re6 Kc8 55. Qe4 Qg7 56. Qf5
Qd7 57. R6e5 Qxf5 58. Rxf5 Bh4 59. Ree5 Rd8 60. Rf7 Rg8 61. Rh5 Bxf2 62. Rg5
Rd8 63. Rxg4 c5 64. f5 cxb4 65. Rc4+ Kb8 66. Rxb4 Rxd3 67. Rbxb7+ Kc8 68. Rfc7+
Kd8 69. Rg7 Kc8 70. Rbf7 Rd8 71. Kxh3 Bd4 72. Rg6 1-0

[Event "Edmonton 11th"]
[Site "Edmonton"]
[Date "2016.06.24"]
[Round "7"]
[White "Sambuev, Bator"]
[Black "Shirov, Alexei"]
[Result "0-1"]
[WhiteElo "2540"]
[BlackElo "2682"]
[Annotator "John Upper"]
[PlyCount "112"]
[EventDate "2016.06.18"]
[EventType "tourn"]
[EventRounds "9"]
[EventCountry "CAN"]
[EventCategory "9"]
[SourceTitle "Chess Canada"]
[Source "CFC"]
[SourceDate "2017.10.01"]
[SourceVersion "1"]
[SourceVersionDate "2018.04.02"]
[SourceQuality "1"]

{[%mdl 32768]} 1. Nf3 d5 2. c4 c6 3. e3 Nf6 4. Nc3 e6 5. b3 Nbd7 6. Qc2 Bd6 7.
Bb2 O-O {[#]} 8. h3 (8. d4 {transposes to a semi-Slav, more commonly reached
by 1.d4, where Black has been doing fine after both ...Qe7 and the more direct}
e5 9. cxd5 (9. Be2 e4 10. Nd2 Re8 {with a reversed French, where White's b3
and Bb2 aren't helping.}) 9... cxd5 10. dxe5 (10. Nb5 Bb4+ $11) 10... Nxe5 $11
{with a reversed QGA.}) (8. Be2 b6 9. Rg1 Bb7 10. g4 e5 11. g5 Ne8 12. h4 Nc7
13. Bd3 {[#]Analysis Diagram This game, and the Grandelius game in the next
note, show why Shirov tries ...Nh5.} g6 (13... e4 $4 {shows one attacking idea}
14. Nxe4 $18 dxe4 15. Bxe4 g6 16. Qc3 f6 17. h5 $18) 14. h5 Nc5 15. Be2 e4 16.
Nxe4 $1 Nxe4 17. d3 Bb4+ (17... Nc5 18. Qc3 $18) 18. Kf1 Bc8 19. dxe4 Bh3+ 20.
Rg2 Ne6 21. a3 $1 dxe4 22. Qxe4 Bxg2+ 23. Kxg2 Nxg5 24. Qf4 $1 Nxf3 25. axb4
Ng5 26. hxg6 fxg6 27. Qe5 {Black is still up an exchange, but White's B slice
him apart, and Black's edge-Rs are terrible defenders.} Kf7 28. f4 Ne6 29. Bg4
Qe7 30. Rh1 Nxf4+ 31. exf4 Qxe5 32. Bxe5 h5 33. Bf3 Rad8 34. Bxc6 Rd2+ 35. Kf3
Rd3+ 36. Ke4 Rxb3 37. Ra1 Rxb4 {Giri,A (2776)-Michiels,B (2536) Montpellier
2015 1-0}) (8. Rg1 $5 {is recommended in David Cumming's "The English" 
(Everyman, 2016); going for the same idea we see in the Giri game, but hoping
to save a move with the h-pawn.}) 8... a6 9. g4 b5 10. g5 {[#]} Nh5 $146 (10...
Ne8 11. h4 e5 12. cxd5 cxd5 13. Bd3 Bb7 (13... g6 $6 14. h5 $1 {with a strong
initiative.}) (13... e4 $4 {fails for the same tactics we saw in the Giri game:
} 14. Nxe4 $1 dxe4 15. Bxe4 Rb8 16. Bxh7+ Kh8 17. h5 $18 {with three pawns and
an attack for the N.}) 14. Bxh7+ Kh8 15. Bf5 Rc8 $14 {White has a pawn, but
Black has some comp in the center and development.} 16. Qd1 g6 17. Bb1 {
[%mdl 64] [#]Critical Position Should Black push in the center with ...d4 or
improve his worst-placed piece with ...Ng7?} Ng7 $4 18. Ne2 $4 ({Both players
miss an immediate win. The cascade of sacrifices might have been difficult to
believe, but they work:} 18. h5 $1 $18 gxh5 (18... Nxh5 19. Rxh5+ gxh5 20. Nxe5
$1 {threatening Qxh5+} Qxg5 21. Nxf7+ $1 Rxf7 22. Ne4+ $18) 19. Nxb5 $1 axb5
20. Rxh5+ $1 Nxh5 (20... Kg8 21. Bh7+ Kh8 22. Rh6 $18) 21. Nxe5 Qxg5 22. Nxf7+
$18) 18... Nh5 $2 19. Nf4 $1 Nxf4 $8 20. exf4 d4 21. f5 Kg7 22. Qe2 Rh8 23. Rh3
Qc7 24. fxg6 fxg6 25. Qd3 Nf8 26. Nxd4 Qd7 27. Ne2 Kg8 28. h5 Rxh5 29. Rxh5
gxh5 30. Ng3 Qe7 $4 (30... e4 31. Qd4 Bxg3 $14) 31. Nf5 $18 Qxg5 32. Nxd6 Rd8
33. Ba3 h4 34. Qf5 Qxf5 35. Bxf5 {1-0 (35) Grandelius,N (2562)-Grover,S (2516)
Athens, 2012.}) 11. Be2 Bb7 (11... g6 12. d4 bxc4 13. bxc4 Rb8 14. h4 dxc4 15.
O-O Qa5 16. Rab1 Bb7 17. Nd2 Qc7 18. Nce4 (18. Nxc4 $4 Bh2+ 19. Kg2 c5+ $19)
18... c5 19. Bf3 (19. Nxd6 $142 Qxd6 20. dxc5 Qxc5 21. Qc3 $18) 19... cxd4 $13
20. Bxd4 Bh2+ 21. Kg2 Be5 22. Bxh5 Bxd4 23. Bf3 Bg7 24. Qxc4 Qa5 25. Rfc1 Rfc8
26. Rxb7 Rxc4 27. Nxc4 Qd8 28. Ncd6 Rxb7 29. Nxb7 Qb6 30. Rc8+ Nf8 31. Nbc5 h6
32. Nd7 Qb4 33. Nef6+ Kh8 34. Nxf8 Bxf8 35. h5 hxg5 36. Nd7 g4 37. Bc6 gxh5 38.
Nxf8 Kg7 39. Nd7 Qd6 40. Nb6 h4 {0-1 (40) Gareyev,T (2611)-Corrales Jimenez,F 
(2530) Indianapolis 2016}) 12. O-O-O g6 13. Nh2 Bxh2 14. Rxh2 Qxg5 15. h4 Qh6
16. Rg1 Ndf6 {[#]White is down a pawn, but has loads of comp due to the bad
Bb7 and rediculous Qh6.} 17. c5 ({I can't imagine why Bator didn't play} 17. f4
$1 {which is obvious and desirable.}) 17... e5 $1 18. Qf5 Rfe8 19. Qg5 Qxg5 20.
hxg5 Nd7 21. Bxh5 gxh5 22. b4 a5 23. a3 axb4 24. axb4 Nf8 {[#]} 25. Ne2 $6 {
Starts a sequence which, in effect, lets Black give his e5 pawn to keep his h5
pawn.} (25. Rxh5 $142 Bc8 26. Rh6 Ng6 27. Rgh1 Bf5 $1 28. f3 $1 (28. Rxh7 $2
Nf4 $1)) 25... Bc8 $1 26. f4 (26. Rxh5 Ra4 $15) 26... Bg4 27. fxe5 (27. Bxe5 $4
Bxe2 28. Rxe2 Rxe5 29. fxe5 Ra1+ $19) 27... Ng6 28. d4 Ra4 $19 {[#] Now White
has the horrible B and his Rs have no play, while Black's B rules the light
squares and his Rs have the only open file.} 29. Kc2 (29. Bc3 {saves the
b-pawn, but leaves Black in total control after} Rea8 30. Kc2 Bf5+ 31. Kc1 h4
$19) 29... Rxb4 30. Ra1 Bf5+ 31. Kc1 h4 32. Ng1 $2 Rc4+ 33. Kd1 b4 (33... Ra4
$1) 34. Ra6 b3 35. Ke1 h3 36. Rb6 Rc2 {[#]White could have resigned here, but
may have been hoping against Black's time trouble. Shirov does not oblige, and
converts smoothly.} 37. Rxc2 bxc2 38. Nxh3 Bxh3 39. Rxc6 Bf5 40. Rf6 Ne7 41.
Kd2 Rc8 42. Ba3 Be4 43. e6 fxe6 44. Rxe6 Nc6 45. Kc3 Kf7 46. Rf6+ Ke7 47. Bc1
Nd8 48. Ra6 Nc6 49. Bb2 Kf7 50. Ra1 Kg6 51. Rg1 Rb8 52. Rg4 Nb4 53. Ba3 Na2+
54. Kd2 Rb3 55. Rxe4 dxe4 56. Kxc2 Rxa3 0-1

[Event "Edmonton 11th"]
[Site "Edmonton"]
[Date "2016.06.26"]
[Round "9"]
[White "Sambuev, Bator"]
[Black "Sethuraman, SP."]
[Result "1-0"]
[WhiteElo "2540"]
[BlackElo "2653"]
[Annotator "John Upper"]
[PlyCount "115"]
[EventDate "2016.06.18"]
[EventType "tourn"]
[EventRounds "9"]
[EventCountry "CAN"]
[EventCategory "9"]
[SourceTitle "Chess Canada"]
[Source "CFC"]
[SourceDate "2017.10.01"]
[SourceVersion "1"]
[SourceVersionDate "2018.04.02"]
[SourceQuality "1"]

1. e4 c5 2. Nf3 e6 3. d4 cxd4 4. Nxd4 Nf6 5. Nc3 d6 6. f4 Be7 7. Bb5+ $5 {
[#] A tricky move which was played a few times by Dutch GM John Van der Weil
in the 1990s, but has nearly disappeared since Black now usually plays 6...a6,
which is what Kasparov always played.} Bd7 (7... Nbd7 $2 {lets White gain a
tempo on the Nf6 to smash through the center:} 8. e5 $1 $18 dxe5 9. fxe5 Nd5
10. Nxd5 exd5 11. e6 $18) (7... Nfd7 8. f5 {[%mdl 64] [#]Critical Position} e5
$2 {Allows a typical Sicilian tactic:} (8... O-O 9. fxe6 Ne5 10. exf7+ Rxf7 11.
Rf1 Bh4+ 12. g3 Bf6 13. Nf5 $14 {Black didn't get enough for the pawn in: Van
der Wiel,J (2526)-Sokolov,I (2624) Rotterdam, 1999 (1-0, 26).}) (8... a6 $5
$146 9. fxe6 axb5 10. exf7+ $5 (10. exd7+ $14) 10... Kxf7 11. Qh5+ g6 12. Qd5+
Ke8 13. Ne6 {and White can force a draw with Ng7-e6, or look for more.}) 9. Ne6
$1 $18 fxe6 10. Qh5+ Kf8 11. fxe6 Qe8 12. O-O+ Bf6 13. exd7 Nxd7 (13... Bxd7
14. Rxf6+ $1 gxf6 15. Qh6+ Kf7 16. Nd5 Qe6 17. Be2 {there's no good defence to
Bh5+; 1-0 Semeniuk,A (2417)-Kurnosov,I (2660) Vladivostok, 2012.}) 14. Rxf6+ $1
gxf6 15. Qh6+ Ke7 16. Nd5+ Kd8 17. Bxd7 $18 {and a fork on f6 wins in:
Schneider,L (2435)-Cebalo,M (2495) Eksjo, 1982 (1-0, 49).}) 8. e5 Nd5 $2 (8...
dxe5 $1 9. fxe5 Nd5 10. Nxd5 exd5 11. Bxd7+ (11. e6 $6 Bxb5 (11... fxe6 12.
Nxe6 $2 Bb4+ 13. c3 Qh4+ {and Black is calling the shots.}) 12. exf7+ Kxf7 13.
Nxb5 Bb4+ $1 14. c3 Re8+ $15 {(1-0, 60) Van der Wiel,J (2531)-Ulybin,M (2583)
Hoogeveen, 2000.}) 11... Qxd7 12. O-O (12. Qf3 $5) 12... Bc5 13. Be3 Nc6 14.
Nf5 Bxe3+ 15. Nxe3 O-O 16. Qxd5 Qxd5 17. Nxd5 Rad8 18. Rad1 {½-½ Timman,J 
(2635)-Salov,V (2715) Madrid, 1995.}) 9. Nxd5 {[#]} exd5 $2 (9... dxe5 $142 10.
Nxe6 (10. Nxe7 $5 exd4 11. Qxd4 $14 Bxb5 12. Qxg7 Kxe7) 10... fxe6 (10... Qa5+
$2 11. Bd2 $18 {the fork on c7 defends the Bb5.}) 11. Qh5+ g6 12. Qxe5 $14 {
with an advantage at no cost.}) 10. e6 $1 $18 {If we take off the pawns on f4
and d6 this would the same postion as in Van der Wiel - Ulybin (above). The
difference is that here the d6-pawn does not allow the black Q to defend d5
after ...Bxb5, and that matters.} Bc6 (10... Bxb5 11. exf7+ Kxf7 12. Qh5+ g6
13. Qxd5+ Ke8 {and takes on b5 with an extra pawn and a winning advantage.}) (
10... fxe6 11. Nxe6 $18 Bh4+ 12. g3 Qe7 13. Bxd7+ (13. O-O $1) 13... Kxd7 14.
f5 Bf6 15. Qxd5 Nc6 16. O-O Rae8 17. Bf4 g5 18. Rfe1 gxf4 19. Nc5+ {1-0
Klinger,J (2450)-Ammann,P (2220) Velden, 1994.}) 11. exf7+ Kxf7 12. Bxc6 bxc6
13. Nxc6 Nxc6 14. Qxd5+ Kf8 15. Qxc6 $18 {[#] White is up two pawns for
nothing and converted with no drama.} Rc8 16. Qe4 Bh4+ 17. g3 d5 18. Qf5+ Bf6
19. O-O Qb6+ 20. Rf2 Re8 21. Kf1 Qc6 22. Bd2 Re4 23. Bc3 d4 24. Bb4+ Kf7 25.
Qc5 Qa6+ 26. Kg1 Rd8 27. Ba5 Rd7 28. Re1 Rxe1+ 29. Bxe1 Kg8 30. Qf5 Rd8 31. Ba5
Re8 32. Qd5+ Kh8 33. Bc7 h6 34. Be5 Rd8 35. Qe4 Re8 36. b3 Qxa2 37. Qc6 Rf8 38.
Qc5 Kg8 39. Qxd4 Bxe5 40. Qxe5 Qa6 41. Rd2 Qb6+ 42. Kg2 Rc8 43. c4 Rb8 44. Rd3
Kh7 45. Qe4+ Kh8 46. f5 Qf6 47. Kh3 Rf8 48. Rd5 Rb8 49. c5 a5 50. Re5 Qf7 51.
c6 Rd8 52. Qf3 Qc7 53. Re6 Qf7 54. Qg4 Qf8 55. Qg6 Qg8 56. c7 Rf8 57. Re7 Rc8
58. f6 1-0